Priemysel 4.0 - výzvy, očakávania, dôsledky

Technológie pre novú priemyselnú revolúciu. Umelá inteligencia. Internet vecí. Autonómne automobily. Sieť 5G.

Saved in:
Bibliographic Details
Main Author: Potisková, Ingrid
Format: Book Chapter
Language:Slovak
Subjects:
Tags: Add Tag
No Tags, Be the first to tag this record!

MARC

LEADER 00000naa a2200000 4500
001 0258575
005 20240502074107.6
041 0 |a slo 
044 |a SK 
245 1 0 |a Priemysel 4.0 - výzvy, očakávania, dôsledky  |c Ingrid Potisková 
520 |a Technológie pre novú priemyselnú revolúciu. Umelá inteligencia. Internet vecí. Autonómne automobily. Sieť 5G. 
610 2 0 |a priemysel 4.0 
610 2 0 |a inteligencia umelá 
610 2 0 |a internet vecí 
610 2 0 |a rozvoj vedeckotechnický 
610 2 0 |a technológie nové 
610 2 0 |a technológie informačné 
610 2 0 |a technológie komunikačné 
610 2 0 |a revolúcia priemyselná 
100 1 |a Potisková, Ingrid